Riemannsche Hilbert-Mannigfaltigkeiten : Periodische Geodatische
Αποθηκεύτηκε σε:
| Κύριος συγγραφέας: | |
|---|---|
| Άλλοι συγγραφείς: | |
| Μορφή: | Βιβλίο |
| Γλώσσα: | German |
| Δημοσίευση: |
Berlin :
Springer-Verlag,
1972
|
| Σειρά: | Lecture notes in mathematics (Springer-Verlag)
; 282 |
| Θέματα: | |
| Ετικέτες: |
Προσθήκη ετικέτας
Δεν υπάρχουν, Καταχωρήστε ετικέτα πρώτοι!
|
MARC
| LEADER | 00000nam a2200000 i 4500 | ||
|---|---|---|---|
| 001 | 1/58632 | ||
| 008 | 941103s1972 ger d | ||
| 020 | |a 3540059687 | ||
| 035 | |a 1987 |l 10045943 | ||
| 040 | |a GR-MY-UA |b gre |e aacr | ||
| 041 | 0 | |a ger | |
| 082 | 0 | |a 516.373 | |
| 100 | 1 | |a Flaschel, Peter |d 1943- | |
| 245 | 1 | 0 | |a Riemannsche Hilbert-Mannigfaltigkeiten : |b Periodische Geodatische / |c P. Flaschel & W. Klingenberg |
| 260 | |a Berlin : |b Springer-Verlag, |c 1972 | ||
| 300 | |a 211 p.; |c 25 cm.+ | ||
| 490 | 1 | |a Lecture notes in mathematics (Springer-Verlag) |v ; 282 | |
| 650 | 0 | 0 | |a Geometry, Riemannian. |
| 650 | 0 | 0 | |a Riemann-Hilbert problems. |
| 700 | 1 | |a Klingenberg, Wilhelm |d 1924-. | |
| 830 | 0 | |a Lecture notes in mathematics (Springer-Verlag) |v ; 282 | |
| 852 | |a INST |b SAMOS |e 19941103 |h 516.373 FLA |p 005300001183 |q 005300001183 |t BK |y 0 | ||
| 909 | |a Σ |b 007335 | ||